[Event "11th LCC Super Blitz KO 2019"]
[Site "London"]
[Date "2019.12.08"]
[Round "3.1"]
[White "Moussard, Jules"]
[Black "Beinoras, Mindaugas"]
[Result "1-0"]
[WhiteElo "2598"]
[BlackElo "2350"]
[Annotator "ChessBase"]
[PlyCount "67"]
[EventDate "2019.12.08"]
[EventType "k.o."]
[EventCountry "ENG"]
[SourceTitle "playchess.com"]
[Source "ChessBase"]
[SourceQuality "1"]
[TimeControl "180+2"]

1. e4 {[%emt 0:00:00]} e5 {[%emt 0:00:00]} 2. Nf3 {[%emt 0:00:00]} Nc6 {[%emt 0:00:00]} 3. Bb5 {[%emt 0:00:01]} a6 {[%emt 0:00:01]} 4. Ba4 {[%emt 0:00:01]} d6 {[%emt 0:00:00]} 5. O-O {[%emt 0:00:08]} Bd7 {[%emt 0:00:01]} 6. c3 {[%emt 0:00:02]} g6 {[%emt 0:00:02]} 7. d4 {[%emt 0:00:02]} Bg7 {[%emt 0:00:02]} 8. d5 {[%emt 0:00:02]} Nb8 {[%emt 0:00:01]} 9. c4 {[%emt 0:00:02]} Nf6 {[%emt 0:00:02]} 10. Nc3 {[%emt 0:00:02]} O-O {[%emt 0:00:02]} 11. Bxd7 {[%emt 0:00:03]} Nbxd7 {[%emt 0:00:01]} 12. Qc2 {[%emt 0:00:17]} h6 {[%emt 0:00:12]} 13. Ne1 {[%emt 0:00:05]} Nh5 {[%emt 0:00:03]} 14. Nd3 {[%emt 0:00:02]} f5 {[%emt 0:00:09]} 15. f3 {[%emt 0:00:01]} Nf4 {[%emt 0:00:07]} 16. Bxf4 {[%emt 0:00:09]} exf4 {[%emt 0:00:03]} 17. Nxf4 {[%emt 0:00:01]} Qf6 {[%emt 0:00:24]} 18. Ne6 {[%emt 0:00:02]} Rfc8 {[%emt 0:00:03]} 19. exf5 {[%emt 0:00:08]} Qxf5 {[%emt 0:00:08]} 20. Ne4 {[%emt 0:00:06]} Be5 {[%emt 0:00:17]} 21. Rad1 {[%emt 0:00:06]} c6 {[%emt 0:00:08]} 22. Qb3 {[%emt 0:00:04]} Rab8 {[%emt 0:00:12]} 23. g4 {[%emt 0:00:03]} Qf7 {[%emt 0:00:25]} 24. f4 {[%emt 0:00:01]} cxd5 {[%emt 0:00:14]} 25. cxd5 {[%emt 0:00:02]} Bh8 {[%emt 0:00:12]} 26. Nxd6 {[%emt 0:00:03]} Qe7 {[%emt 0:00:03]} 27. Nxc8 {[%emt 0:00:02]} Rxc8 {[%emt 0:00:01]} 28. d6 {[%emt 0:00:01]} Qf7 {[%emt 0:00:01]} 29. f5 {[%emt 0:00:07]} g5 {[%emt 0:00:07]} 30. Rfe1 {[%emt 0:00:08]} b5 {[%emt 0:00:06]} 31. Nc7 {[%emt 0:00:03]} Ne5 {[%emt 0:00:05]} 32. Rxe5 {[%emt 0:00:06]} Bxe5 {[%emt 0:00:18]} 33. Qxf7+ {[%emt 0:00:02]} Kxf7 {[%emt 0:00:02]} 34. d7 {[%emt 0:00:01]} 1-0

[Event "11th LCC Super Blitz KO 2019"]
[Site "London"]
[Date "2019.12.08"]
[Round "3.1"]
[White "Gormally, Daniel W"]
[Black "Jones, Gawain C B"]
[Result "1/2-1/2"]
[WhiteElo "2497"]
[BlackElo "2683"]
[Annotator "ChessBase"]
[PlyCount "105"]
[EventDate "2019.12.08"]
[EventType "k.o."]
[EventCountry "ENG"]
[SourceTitle "playchess.com"]
[Source "ChessBase"]
[SourceQuality "1"]
[TimeControl "180+2"]

1. d4 {[%emt 0:00:00]} Nf6 {[%emt 0:00:00]} 2. Nf3 {[%emt 0:00:01]} g6 {[%emt 0:00:00]} 3. c4 {[%emt 0:00:01]} Bg7 {[%emt 0:00:00]} 4. g3 {[%emt 0:00:01]} O-O {[%emt 0:00:02]} 5. Bg2 c6 {[%emt 0:00:02]} 6. O-O {[%emt 0:00:03]} d5 {[%emt 0:00:00]} 7. b3 {[%emt 0:00:01]} c5 {[%emt 0:00:04]} 8. cxd5 {[%emt 0:00:12]} cxd4 {[%emt 0:00:08]} 9. Nxd4 {[%emt 0:00:10]} Nxd5 {[%emt 0:00:01]} 10. Bb2 {[%emt 0:00:06]} e5 {[%emt 0:00:15]} 11. Nb5 {[%emt 0:00:29]} Be6 {[%emt 0:00:01]} 12. N1c3 {[%emt 0:00:01]} Nxc3 {[%emt 0:00:12]} 13. Nxc3 {[%emt 0:00:06]} Nc6 {[%emt 0:00:03]} 14. Nd5 {[%emt 0:00:15]} Nd4 {[%emt 0:00:06]} 15. Bxd4 {[%emt 0:00:10]} Bxd5 {[%emt 0:00:09]} 16. Bc5 {[%emt 0:00:09]} Bxg2 {[%emt 0:00:02]} 17. Kxg2 {[%emt 0:00:04]} Re8 {[%emt 0:00:06]} 18. Qxd8 {[%emt 0:00:07]} Rexd8 {[%emt 0:00:01]} 19. Rfd1 {[%emt 0:00:02]} b6 {[%emt 0:00:08]} 20. Be3 {[%emt 0:00:06]} Kf8 {[%emt 0:00:09]} 21. g4 {[%emt 0:00:04]} f5 {[%emt 0:00:07]} 22. gxf5 {[%emt 0:00:06]} gxf5 {[%emt 0:00:01]} 23. Bg5 {[%emt 0:00:01]} Rxd1 24. Rxd1 {[%emt 0:00:01]} Ke8 {[%emt 0:00:04]} 25. Rd6 {[%emt 0:00:03]} Rc8 {[%emt 0:00:08]} 26. Re6+ {[%emt 0:00:04]} Kf8 {[%emt 0:00:03]} 27. e3 {[%emt 0:00:23]} Rc2 {[%emt 0:00:04]} 28. Rd6 {[%emt 0:00:21]} Rxa2 {[%emt 0:00:07]} 29. Rd7 {[%emt 0:00:04]} h6 {[%emt 0:00:40]} 30. Bh4 {[%emt 0:00:01]} f4 {[%emt 0:00:02]} 31. exf4 {[%emt 0:00:07]} exf4 {[%emt 0:00:00]} 32. Kf3 {[%emt 0:00:01]} a5 {[%emt 0:00:07]} 33. Rb7 {[%emt 0:00:05]} Bd4 {[%emt 0:00:03]} 34. Ke4 {[%emt 0:00:09]} Bc5 {[%emt 0:00:03]} 35. Kf5 {[%emt 0:00:01]} Ke8 {[%emt 0:00:07]} 36. Kg6 {[%emt 0:00:18]} Rb2 {[%emt 0:00:08]} 37. Bf6 {[%emt 0:00:06]} Rxf2 {[%emt 0:00:15]} 38. Kf5 {[%emt 0:00:04]} Re2 {[%emt 0:00:03]} 39. Kxf4 {[%emt 0:00:01]} Rxh2 {[%emt 0:00:07]} 40. Kf5 {[%emt 0:00:00]} Re2 {[%emt 0:00:06]} 41. Be5 {[%emt 0:00:02]} h5 {[%emt 0:00:21]} 42. Ke6 {[%emt 0:00:01]} Rxe5+ {[%emt 0:00:02]} 43. Kxe5 {[%emt 0:00:01]} h4 {[%emt 0:00:01]} 44. Rh7 {[%emt 0:00:02]} Bf2 {[%emt 0:00:01]} 45. Ke4 {[%emt 0:00:06]} Kd8 {[%emt 0:00:04]} 46. Kf3 {[%emt 0:00:03]} Bg3 {[%emt 0:00:02]} 47. Ke4 {[%emt 0:00:07]} b5 {[%emt 0:00:08]} 48. Kd5 {[%emt 0:00:01]} a4 {[%emt 0:00:01]} 49. bxa4 {[%emt 0:00:01]} bxa4 {[%emt 0:00:01]} 50. Kc4 {[%emt 0:00:01]} Ke8 {[%emt 0:00:01]} 51. Kb4 {[%emt 0:00:01]} Kf8 {[%emt 0:00:01]} 52. Kxa4 {[%emt 0:00:01]} Kg8 {[%emt 0:00:01]} 53. Rxh4 {[%emt 0:00:08]} 1/2-1/2

[Event "11th LCC Super Blitz KO 2019"]
[Site "London"]
[Date "2019.12.08"]
[Round "3.2"]
[White "Jones, Gawain C B"]
[Black "Gormally, Daniel W"]
[Result "1-0"]
[WhiteElo "2683"]
[BlackElo "2497"]
[Annotator "TA"]
[PlyCount "66"]
[EventDate "2019.12.08"]
[EventType "k.o."]
[EventCountry "ENG"]
[SourceTitle "playchess.com"]
[Source "ChessBase"]
[SourceQuality "1"]

{[%evp 9,66,25,14,-28,12,2,6,0,6,0,0,0,16,3,10,6,17,-35,-16,-28,0,0,0,-69,95,86,83,13,81,74,87,54,98,83,113,106,108,26,73,72,74,56,63,63,124,58,69,70,70,0,72,61,44,0,0,-27,-18,-43,404]} 1. e4 c5 2. Nf3 d6 3. Bb5+ Nd7 4. Ba4 (4. c3 Ngf6 5. Bd3 e6 6. O-O b6 7. Bc2 Bb7 8. Re1 Be7 9. d4 O-O 10. Nbd2 cxd4 11. cxd4 Rc8 12. Nf1 d5 {0-1 (20) Vachier Lagrave,M (2774)-Wei,Y (2721) chess.com INT 2019}) 4... Ngf6 5. O-O e6 6. c4 {B51: Sicilian: Moscow Variation (3 Bb5+) without 3...Bd7} Be7 7. Nc3 O-O 8. d3 {The position is equal.} Ne5 9. h3 $146 ({Predecessor:} 9. Nxe5 dxe5 10. a3 Bd7 11. Be3 b6 {½-½ (36) Silva,D (2223)-Ortiz Q,J (2207) Batumi 2018}) 9... Bd7 10. Bc2 Nxf3+ 11. Qxf3 Bc6 12. Qg3 Kh8 13. b3 (13. Rd1 $11) 13... Nh5 $15 14. Qf3 Nf6 15. Bb2 d5 16. Rae1 (16. cxd5 $11 exd5 17. d4) 16... dxc4 $2 (16... d4 $15 17. Nb1 Qa5) 17. dxc4 $16 Nd7 18. Qh5 (18. Qd3 $16) 18... Kg8 (18... g6 $11 19. Qd1 Bf6) 19. e5 {[%csl Gc2][%cal Rh5h7] [#]} g6 20. Qe2 Re8 21. Ne4 Bxe4 22. Bxe4 Qc7 23. Bf3 (23. Qg4 $16) 23... Bf8 24. Qe4 Rab8 25. h4 Bg7 26. h5 b5 (26... Red8 $14) 27. Bc3 (27. cxb5 $16 Rec8 28. Qe2) 27... bxc4 28. bxc4 Red8 29. Re2 (29. Bd1 $14) 29... Rb4 (29... Nb6 $11 {remains equal.}) 30. Rd1 Rbb8 31. Qf4 Nb6 32. Rd6 Na4 33. Be1 Bxe5 $2 {[%mdl 8192] Accuracy: White = 31%, Black = 25%.} (33... Rb1 $15 {stays ahead.}) 1-0

[Event "11th LCC Super Blitz KO 2019"]
[Site "London"]
[Date "2019.12.08"]
[Round "3.2"]
[White "McShane, Luke J"]
[Black "Gharamian, Tigran"]
[Result "1/2-1/2"]
[WhiteElo "2677"]
[BlackElo "2603"]
[Annotator "ChessBase"]
[PlyCount "135"]
[EventDate "2019.12.08"]
[EventType "k.o."]
[EventCountry "ENG"]
[SourceTitle "playchess.com"]
[Source "ChessBase"]
[SourceQuality "1"]
[TimeControl "180+2"]

1. e4 {[%emt 0:00:00]} c6 {[%emt 0:00:00]} 2. Nf3 {[%emt 0:00:02]} d5 {[%emt 0:00:00]} 3. Nc3 {[%emt 0:00:01]} dxe4 4. Nxe4 {[%emt 0:00:01]} Nf6 {[%emt 0:00:04]} 5. Qe2 {[%emt 0:00:03]} Nxe4 {[%emt 0:00:03]} 6. Qxe4 {[%emt 0:00:01]} Be6 {[%emt 0:00:02]} 7. b3 {[%emt 0:00:12]} Nd7 {[%emt 0:00:04]} 8. Bb2 {[%emt 0:00:01]} Nf6 {[%emt 0:00:04]} 9. Qe3 {[%emt 0:00:18]} Qa5 {[%emt 0:00:10]} 10. Ng5 {[%emt 0:00:16]} Bf5 {[%emt 0:00:17]} 11. Bc4 {[%emt 0:00:22]} e6 {[%emt 0:00:01]} 12. O-O {[%emt 0:00:10]} Be7 {[%emt 0:00:02]} 13. Rfe1 {[%emt 0:00:09]} O-O {[%emt 0:00:08]} 14. Nf3 {[%emt 0:00:15]} Nd5 {[%emt 0:00:22]} 15. Bxd5 {[%emt 0:00:13]} Qxd5 {[%emt 0:00:10]} 16. d3 {[%emt 0:00:01]} Rfe8 {[%emt 0:00:04]} 17. h3 {[%emt 0:00:05]} Bg6 {[%emt 0:00:12]} 18. Qd2 {[%emt 0:00:01]} f6 {[%emt 0:00:10]} 19. Nh4 {[%emt 0:00:08]} Rad8 {[%emt 0:00:10]} 20. f4 {[%emt 0:00:05]} Bc5+ {[%emt 0:00:17]} 21. Kh1 {[%emt 0:00:01]} Bd4 {[%emt 0:00:01]} 22. Bxd4 {[%emt 0:00:06]} Qxd4 {[%emt 0:00:01]} 23. Rad1 {[%emt 0:00:01]} e5 {[%emt 0:00:06]} 24. Nxg6 {[%emt 0:00:17]} hxg6 {[%emt 0:00:01]} 25. fxe5 {[%emt 0:00:01]} Rxe5 {[%emt 0:00:01]} 26. Rxe5 {[%emt 0:00:02]} Qxe5 {[%emt 0:00:06]} 27. Re1 {[%emt 0:00:01]} Qd6 {[%emt 0:00:05]} 28. Qa5 {[%emt 0:00:08]} a6 {[%emt 0:00:06]} 29. Qb6 {[%emt 0:00:03]} Qd7 {[%emt 0:00:09]} 30. Qb4 {[%emt 0:00:20]} Re8 {[%emt 0:00:12]} 31. Rf1 {[%emt 0:00:02]} Qe7 {[%emt 0:00:02]} 32. Qg4 {[%emt 0:00:03]} g5 {[%emt 0:00:02]} 33. Qc4+ {[%emt 0:00:15]} Qf7 {[%emt 0:00:01]} 34. Qg4 {[%emt 0:00:06]} Qe7 {[%emt 0:00:01]} 35. Qg3 {[%emt 0:00:02]} Qe5 {[%emt 0:00:02]} 36. Qf2 {[%emt 0:00:02]} Qe2 {[%emt 0:00:02]} 37. Kh2 {[%emt 0:00:02]} Qxf2 {[%emt 0:00:04]} 38. Rxf2 {[%emt 0:00:00]} Kf7 {[%emt 0:00:01]} 39. a4 {[%emt 0:00:01]} Re3 {[%emt 0:00:06]} 40. Rd2 {[%emt 0:00:03]} Ke6 {[%emt 0:00:04]} 41. Kg1 {[%emt 0:00:05]} Kd5 {[%emt 0:00:03]} 42. Kf2 {[%emt 0:00:02]} Re7 {[%emt 0:00:01]} 43. c3 {[%emt 0:00:02]} b5 {[%emt 0:00:02]} 44. Ra2 {[%emt 0:00:01]} b4 {[%emt 0:00:17]} 45. cxb4 {[%emt 0:00:03]} Rb7 {[%emt 0:00:01]} 46. Rc2 {[%emt 0:00:04]} Rxb4 {[%emt 0:00:01]} 47. Rc3 {[%emt 0:00:00]} c5 {[%emt 0:00:02]} 48. Ke3 {[%emt 0:00:01]} g4 {[%emt 0:00:04]} 49. h4 {[%emt 0:00:09]} g3 {[%emt 0:00:00]} 50. Rc4 {[%emt 0:00:01]} Rxb3 {[%emt 0:00:21]} 51. Rg4 {[%emt 0:00:01]} Ra3 {[%emt 0:00:02]} 52. h5 {[%emt 0:00:05]} Ke6 {[%emt 0:00:05]} 53. Rxg3 {[%emt 0:00:03]} Kf7 {[%emt 0:00:02]} 54. Rg4 {[%emt 0:00:01]} f5 {[%emt 0:00:05]} 55. Rc4 {[%emt 0:00:02]} Ke6 {[%emt 0:00:02]} 56. g3 {[%emt 0:00:05]} Kd5 {[%emt 0:00:00]} 57. Rf4 {[%emt 0:00:02]} Ke5 {[%emt 0:00:01]} 58. g4 {[%emt 0:00:01]} Rxd3+ {[%emt 0:00:02]} 59. Kxd3 {[%emt 0:00:02]} Kxf4 {[%emt 0:00:01]} 60. gxf5 {[%emt 0:00:02]} Kxf5 {[%emt 0:00:03]} 61. Kc4 {[%emt 0:00:00]} Kg5 {[%emt 0:00:01]} 62. Kxc5 Kxh5 {[%emt 0:00:00]} 63. Kb6 {[%emt 0:00:02]} g5 {[%emt 0:00:01]} 64. Kxa6 {[%emt 0:00:00]} g4 {[%emt 0:00:00]} 65. a5 {[%emt 0:00:01]} g3 {[%emt 0:00:01]} 66. Kb7 {[%emt 0:00:01]} g2 {[%emt 0:00:01]} 67. a6 {[%emt 0:00:01]} g1=Q {[%emt 0:00:01]} 68. a7 {[%emt 0:00:00]} 1/2-1/2

[Event "11th LCC Super Blitz KO 2019"]
[Site "London"]
[Date "2019.12.08"]
[Round "3.2"]
[White "Harvey, Marcus R"]
[Black "Howell, David W L"]
[Result "1-0"]
[WhiteElo "2412"]
[BlackElo "2676"]
[Annotator "ChessBase"]
[PlyCount "121"]
[EventDate "2019.12.08"]
[EventType "k.o."]
[EventCountry "ENG"]
[SourceTitle "playchess.com"]
[Source "ChessBase"]
[SourceQuality "1"]
[TimeControl "180+2"]

1. Nf3 {[%emt 0:00:00]} g6 {[%emt 0:00:00]} 2. b3 {[%emt 0:00:00]} Bg7 {[%emt 0:00:01]} 3. d4 Nf6 {[%emt 0:00:07]} 4. Bb2 {[%emt 0:00:01]} O-O {[%emt 0:00:02]} 5. e3 {[%emt 0:00:00]} b6 {[%emt 0:00:00]} 6. Be2 {[%emt 0:00:01]} Bb7 {[%emt 0:00:01]} 7. O-O {[%emt 0:00:01]} c5 {[%emt 0:00:07]} 8. c4 {[%emt 0:00:02]} cxd4 {[%emt 0:00:12]} 9. Nxd4 {[%emt 0:00:01]} Nc6 {[%emt 0:00:01]} 10. Bf3 {[%emt 0:00:02]} Qc8 {[%emt 0:00:02]} 11. Nc3 {[%emt 0:00:03]} Nxd4 {[%emt 0:00:22]} 12. Bxb7 {[%emt 0:00:02]} Qxb7 {[%emt 0:00:01]} 13. Qxd4 {[%emt 0:00:01]} Ne4 {[%emt 0:00:21]} 14. Qxe4 {[%emt 0:00:02]} Qxe4 {[%emt 0:00:01]} 15. Nxe4 {[%emt 0:00:01]} Bxb2 {[%emt 0:00:01]} 16. Rab1 {[%emt 0:00:01]} Bg7 {[%emt 0:00:01]} 17. Rfd1 {[%emt 0:00:12]} d6 {[%emt 0:00:01]} 18. Nd2 {[%emt 0:00:01]} Rfc8 {[%emt 0:00:04]} 19. Rbc1 {[%emt 0:00:06]} a6 {[%emt 0:00:07]} 20. Rc2 {[%emt 0:00:03]} Kf8 {[%emt 0:00:04]} 21. Rdc1 {[%emt 0:00:01]} Ke8 {[%emt 0:00:00]} 22. Ne4 {[%emt 0:00:07]} Rc6 {[%emt 0:00:04]} 23. Nc3 {[%emt 0:00:16]} Bxc3 {[%emt 0:00:10]} 24. Rxc3 {[%emt 0:00:02]} Rac8 {[%emt 0:00:35]} 25. Kf1 {[%emt 0:00:09]} b5 {[%emt 0:00:02]} 26. Ke2 {[%emt 0:00:01]} bxc4 {[%emt 0:00:02]} 27. bxc4 {[%emt 0:00:13]} Rc5 {[%emt 0:00:05]} 28. Kd3 {[%emt 0:00:04]} Ra5 {[%emt 0:00:01]} 29. R1c2 {[%emt 0:00:02]} Kd7 {[%emt 0:00:01]} 30. Rb3 {[%emt 0:00:02]} h5 {[%emt 0:00:03]} 31. h4 {[%emt 0:00:05]} Ra4 {[%emt 0:00:07]} 32. g3 {[%emt 0:00:10]} Rc5 {[%emt 0:00:01]} 33. a3 {[%emt 0:00:13]} Ke6 {[%emt 0:00:04]} 34. Rcc3 {[%emt 0:00:01]} Rc7 {[%emt 0:00:08]} 35. Rb4 {[%emt 0:00:03]} Ra5 {[%emt 0:00:01]} 36. e4 {[%emt 0:00:03]} Rac5 {[%emt 0:00:04]} 37. Rb6 {[%emt 0:00:06]} Ra5 {[%emt 0:00:10]} 38. Kd4 {[%emt 0:00:10]} Ra4 {[%emt 0:00:15]} 39. Rb4 {[%emt 0:00:03]} Ra5 {[%emt 0:00:00]} 40. Rb6 {[%emt 0:00:01]} Ra4 {[%emt 0:00:12]} 41. e5 {[%emt 0:00:09]} Rd7 {[%emt 0:00:09]} 42. Re3 {[%emt 0:00:05]} Kf5 {[%emt 0:00:03]} 43. exd6 {[%emt 0:00:05]} exd6 {[%emt 0:00:06]} 44. Rf3+ {[%emt 0:00:08]} Ke6 {[%emt 0:00:03]} 45. Re3+ {[%emt 0:00:07]} Kf5 {[%emt 0:00:00]} 46. Kd5 {[%emt 0:00:02]} Ra5+ {[%emt 0:00:04]} 47. Kc6 {[%emt 0:00:02]} Rd8 {[%emt 0:00:02]} 48. Kc7 {[%emt 0:00:02]} Ra8 {[%emt 0:00:02]} 49. Kxd6 {[%emt 0:00:02]} Rd8+ {[%emt 0:00:16]} 50. Kc7 {[%emt 0:00:05]} Rd4 {[%emt 0:00:04]} 51. Rc6 {[%emt 0:00:04]} Kg4 {[%emt 0:00:03]} 52. c5 {[%emt 0:00:01]} Rc4 {[%emt 0:00:03]} 53. Kb6 {[%emt 0:00:02]} Raa4 {[%emt 0:00:05]} 54. Rc8 {[%emt 0:00:01]} f5 {[%emt 0:00:02]} 55. c6 {[%emt 0:00:01]} f4 {[%emt 0:00:01]} 56. Rb3 {[%emt 0:00:06]} Rc1 {[%emt 0:00:04]} 57. c7 {[%emt 0:00:01]} fxg3 {[%emt 0:00:02]} 58. fxg3 {[%emt 0:00:03]} Rac4 {[%emt 0:00:01]} 59. Rb4 {[%emt 0:00:03]} Kxg3 {[%emt 0:00:03]} 60. Rxc4 {[%emt 0:00:01]} Rxc4 {[%emt 0:00:01]} 61. Rg8 {[%emt 0:00:01]} 1-0

[Event "11th LCC Super Blitz KO 2019"]
[Site "London"]
[Date "2019.12.08"]
[Round "3.2"]
[White "Beinoras, Mindaugas"]
[Black "Moussard, Jules"]
[Result "0-1"]
[WhiteElo "2350"]
[BlackElo "2598"]
[Annotator "ChessBase"]
[PlyCount "48"]
[EventDate "2019.12.08"]
[EventType "k.o."]
[EventCountry "ENG"]
[SourceTitle "playchess.com"]
[Source "ChessBase"]
[SourceQuality "1"]
[TimeControl "180+2"]

1. d4 {[%emt 0:00:00]} f5 {[%emt 0:00:00]} 2. Bg5 {[%emt 0:00:00]} h6 {[%emt 0:00:00]} 3. Bh4 {[%emt 0:00:03]} g5 {[%emt 0:00:01]} 4. Bg3 {[%emt 0:00:01]} Nf6 {[%emt 0:00:01]} 5. e3 {[%emt 0:00:03]} d6 {[%emt 0:00:01]} 6. h4 {[%emt 0:00:02]} g4 {[%emt 0:00:01]} 7. h5 {[%emt 0:00:01]} Nc6 {[%emt 0:00:13]} 8. d5 {[%emt 0:00:05]} Ne5 {[%emt 0:00:05]} 9. Ne2 {[%emt 0:00:05]} c6 {[%emt 0:00:03]} 10. Nbc3 {[%emt 0:00:08]} Bg7 {[%emt 0:00:04]} 11. Nf4 {[%emt 0:00:03]} cxd5 {[%emt 0:00:04]} 12. Ncxd5 {[%emt 0:00:04]} O-O {[%emt 0:00:11]} 13. c4 {[%emt 0:00:13]} Ne4 {[%emt 0:00:01]} 14. Bh4 {[%emt 0:00:15]} Rf7 {[%emt 0:00:06]} 15. Bd3 {[%emt 0:00:09]} Bd7 {[%emt 0:00:17]} 16. Rb1 {[%emt 0:00:09]} Rc8 {[%emt 0:00:03]} 17. Qb3 {[%emt 0:00:11]} Nc5 {[%emt 0:00:03]} 18. Qa3 {[%emt 0:00:16]} Ncxd3+ {[%emt 0:00:05]} 19. Nxd3 {[%emt 0:00:01]} Nxc4 {[%emt 0:00:01]} 20. Qxa7 {[%emt 0:00:08]} Bc6 {[%emt 0:00:02]} 21. N3b4 {[%emt 0:00:11]} Ra8 {[%emt 0:00:25]} 22. Nxc6 {[%emt 0:00:09]} bxc6 {[%emt 0:00:01]} 23. Nxe7+ {[%emt 0:00:07]} Kh7 {[%emt 0:00:01]} 24. Nxc6 {[%emt 0:00:05]} Qe8 {[%emt 0:00:00]} 0-1

[Event "11th LCC Super Blitz KO 2019"]
[Site "London"]
[Date "2019.12.08"]
[Round "4.2"]
[White "Jones, Gawain C B"]
[Black "Harvey, Marcus R"]
[Result "1/2-1/2"]
[WhiteElo "2683"]
[BlackElo "2412"]
[Annotator "TA"]
[PlyCount "113"]
[EventDate "2019.12.08"]
[EventType "k.o."]
[EventCountry "ENG"]
[SourceTitle "playchess.com"]
[Source "ChessBase"]
[SourceQuality "1"]

{[%evp 17,113,0,37,12,23,8,13,0,0,0,0,0,0,-11,0,-33,-35,-39,-31,-39,-27,-54,-54,-100,-45,-54,-54,-70,-57,-68,-68,-74,19,18,25,-40,-39,-104,0,-35,0,0,0,0,0,0,0,0,0,0,0,0,101,86,86,0,0,0,0,-57,-57,-57,-57,-57,-57,-57,-38,-38,-33,-87,-87,-87,-87,-87,-70,-87,-87,-87,-87,-125,-8,-8,-8,-8,-8,-14,-8,-8,0,-8,-8,-8,-8,-8,0,0,0,0]} 1. e4 e6 2. d4 d5 3. e5 c5 4. c3 Qb6 5. Nf3 Nc6 6. Be2 cxd4 7. cxd4 Nge7 8. Na3 Nf5 9. Nc2 h5 10. h4 {C02: French: Advance Variation} Bd7 11. O-O Rc8 (11... Be7 12. g3 g6 13. Bd3 Rc8 14. Bxf5 exf5 15. Bg5 {1-0 (41) Yeoh,L (2470)-Bersamina,P (2419) Chengdu 2017}) 12. Rb1 Be7 13. g3 Nb4 14. Nxb4 Qxb4 $146 ({Predecessor:} 14... Bxb4 15. b3 {½-½ (31) Rehorek,M (2283)-Cech,P (2332) Czech Republic 2019}) 15. Bd2 Qb6 16. Bc3 Bb5 $1 17. Re1 Bxe2 18. Rxe2 O-O 19. Qd3 Rc6 20. a3 {[#]} Qa6 (20... Bxa3 $1 $17 {[%mdl 512]} 21. bxa3 Rxc3 22. Qxc3 Qxb1+ 23. Kg2 b6) 21. Qd2 Rfc8 22. Ra1 Qa4 23. Ne1 Rc4 {[%cal Rf5d4]} 24. Nc2 Qb3 (24... Bd8 $17 {Strongly threatening ...Ba5!} 25. Qd1 Ba5 26. Bxa5 Qxa5) 25. Ne3 $11 Nxe3 26. Qxe3 ({Better is} 26. Rxe3 $11 Bf8 27. Kg2) 26... b5 $15 {[%cal Rc4c3]} 27. Kg2 (27. Qd2 $15) 27... Qa4 (27... Rxc3 $17 28. bxc3 Rxc3) 28. Rb1 {[#] Black must now prevent b3.} Qa6 29. Qf3 b4 30. axb4 Bxb4 31. Qxh5 Bxc3 32. bxc3 Rxc3 33. Reb2 Qd3 34. Qg4 Qe4+ ({Not} 34... Rc1 $2 35. Rxc1 Rf8 36. Rc7 $18) (34... a5 $11 {keeps the balance.}) 35. Qxe4 $16 dxe4 {[%mdl 4096] Endgame KRR-KRR} 36. Ra2 (36. Re2 $16) 36... e3 37. fxe3 Rxe3 38. Rf1 ({White should try} 38. Rxa7 $11 Rc2+ 39. Kh3) 38... Rcc3 $15 39. Rxa7 Rxg3+ 40. Kf2 Rcf3+ 41. Ke2 Rxf1 42. Kxf1 {KR-KR} Rg4 43. Rd7 (43. Ra8+ $15 Kh7 44. Ra7) 43... Rxh4 $17 44. Kf2 Rh3 45. Ke2 Ra3 46. Kf2 g6 47. Ke2 g5 48. Kf2 g4 (48... Kg7 $17 49. d5 Kg6) 49. d5 $1 $11 {The position is equal.} exd5 50. Rxd5 Kg7 51. Rd4 g3+ 52. Kg2 Kg6 53. Rf4 Re3 54. Rf6+ Kg7 55. Rf5 Kg6 56. Rf6+ Kg5 57. Rxf7 {Accuracy: White = 40%, Black = 54%.} 1/2-1/2